|
|
|
|
| LEADER |
01205nam a2200289 a 4500 |
| 001 |
GR-Patra2039 |
| 008 |
991022s nyu b 000 b eng d |
| 020 |
|
|
|a 0070390967
|
| 040 |
|
|
|a GrPaTEI
|b gre
|c GR-PaULI
|
| 245 |
0 |
0 |
|a The McGraw-Hill recycling handbook.
|
| 260 |
|
|
|a New York :
|b McGraw-Hill,
|c c1993
|
| 300 |
|
|
|a irr. pag. :
|b ill., phot.
|
| 504 |
|
|
|a Περιλαμβάνει βιβλιογραφικές παραπομπές
|
| 650 |
|
0 |
|a HANDBOOKS
|
| 650 |
|
0 |
|a RECYCLING
|
| 650 |
|
4 |
|a ΑΝΑΚΥΚΛΩΣΗ
|
| 650 |
|
4 |
|a ΑΠΟΒΛΗΤΑ
|
| 650 |
|
4 |
|a ΕΓΧΕΙΡΙΔΙΑ
|
| 650 |
1 |
0 |
|a WASTE
|
| 653 |
|
|
|a ΑΝΑΚΥΚΛΩΣΗ - ΕΓΧΕΙΡΙΔΙΑ
|
| 700 |
1 |
|
|a Lund, Herbert F.
|
| 710 |
0 |
|
|a McGraw-Hill
|
| 942 |
|
|
|2 ddc
|
| 952 |
|
|
|0 0
|1 0
|2 ddc
|4 0
|6 363_728200000000000_MCG
|7 0
|9 283843
|a LISK
|b LISK
|c BSC
|d 2021-01-17
|e 24
|f 0
|g 0.00
|l 0
|o 363.7282 McG
|p 92410011594
|r 2021-01-17 00:00:00
|t 1
|w 2021-01-17
|y BK15
|x 19991024 0 1
|x GrPaTEI
|
| 952 |
|
|
|0 0
|1 0
|2 ddc
|4 0
|6 363_728200000000000_MCG
|7 0
|9 283844
|a LISK
|b LISK
|c BSC
|d 2021-01-17
|e 24
|f 0
|g 0.00
|l 0
|o 363.7282 McG
|p 9241006100
|r 2021-01-17 00:00:00
|t 1
|w 2021-01-17
|y BK15
|x 19991024 0 1
|x GrPaTEI
|
| 971 |
|
|
|a .b26495375
|b 15-04-20
|c 23-09-16
|
| 999 |
|
|
|c 165112
|d 165112
|